Wirtschaftsdeutsch im Bankwesen

Gespeichert in:
Bibliographische Detailangaben
1. Verfasser: Lišková, Danuša
Körperschaft: Ekonomická univerzita v Bratislave
Format: Buch
Sprache:Deutsch
Slowakisch
Veröffentlicht: Bratislava Sprint vfra 2004
Schlagworte:
Tags: Tag hinzufügen
Keine Tags, Fügen Sie das erste Tag hinzu!

MARC

LEADER 00000nam$a2200000$$$4500
001 0023181
005 20240502071416.8
020 |a 80-89085-31-8 
041 0 |a ger 
041 0 |a slo 
044 |a SK 
245 1 0 |a Wirtschaftsdeutsch im Bankwesen  |c Danuša Lišková 
264 1 |a Bratislava  |b Sprint vfra  |c 2004 
300 |a 196 s. 
610 2 0 |a jazyky cudzie 
610 2 0 |a jazykoveda 
610 2 0 |a terminológia 
610 2 0 |a bankovníctvo 
610 2 0 |a banky 
100 1 |a Lišková, Danuša 
710 2 |a Ekonomická univerzita v Bratislave